| 000 | 00437cam a2200157ua 4500 | ||
|---|---|---|---|
| 041 |
_aeng _h |
||
| 082 |
_a828.09 _bWYL/SH |
||
| 100 | _aWyld, Henry cecil . | ||
| 245 |
_aShort history of english with a bibliography and lists of texts and editions / _cHenry cecil wyld. _hTextual Documents |
||
| 250 |
_a1 / _b. |
||
| 260 |
_aLondon : _bJohn Murray , _c1963. |
||
| 300 | _a294 ; . | ||
| 504 | _a | ||
| 942 | _cBK | ||
| 999 |
_c8602 _d8602 |
||